The marketing plan /

Guardat en:
Dades bibliogràfiques
Autor principal: Cohen, William A. 1937-
Format: Llibre
Idioma:English
Publicat: New York ; Chichester : John Wiley and Sons, 1998.
Edició:2nd ed.
Matèries:
Etiquetes: Afegir etiqueta
Sense etiquetes, Sigues el primer a etiquetar aquest registre!
Thư viện lưu trữ: Mạng thư viện Đại học Đà Nẵng
LEADER 00888cam a2200337 i 4500
001 000046381
003 5844
005 20030326111754.0
008 010220|1998 vm 000 eng
020 |a 0471180335 (pbk.) 
040 |a IRC  |c IRC  |d IRC 
041 0 |a eng 
082 1 4 |a 658.802  |b CO-W 
100 1 |a Cohen, William A.  |q (William Alan),  |d 1937- 
245 0 4 |a The marketing plan /  |c William A. (William Alan) Cohen. 
250 |a 2nd ed. 
260 |a New York ; Chichester :  |b John Wiley and Sons,  |c 1998. 
300 |a x, 341p. :  |b ill., forms. 
630 0 4 |a Marketing. 
630 0 4 |a Management. 
650 0 4 |a Marketing  |x Management. 
OWN |a DUT 
999 |a From the UDN01 
TYP |a Monograph 
TYP |a Printed language 
980 |a Mạng thư viện Đại học Đà Nẵng